Copy of a Copy of a Copy - Louis Tomlinson (full lyrics) - Statistics

General Stats
  • This quiz has been taken 174 times
  • The average score is 163 of 203
Answer Stats
Hint Answer % Correct
A
100%
a
100%
Pre-Chorus | Pre-chorus | Verse 2 I
97%
it
97%
Verse 1 It's
97%
the
97%
copy
95%
copy.
95%
of
95%
an
93%
be
92%
no
92%
no.
92%
you
92%
You
92%
you,
92%
can
89%
and
88%
not
88%
your
88%
last
85%
to
85%
first,
84%
first
84%
is
84%
won't
82%
broken
81%
or
81%
Can't
80%
hear
80%
man,
80%
Nothing
80%
nothing
80%
that
80%
know
78%
only
78%
tears
78%
away.
77%
Crying
77%
crying,
77%
get
77%
old
77%
There's
77%
there's
77%
through
77%
Chorus Young
77%
birds
76%
say.
76%
You're
76%
you're
76%
dry
74%
Dry
74%
curse,
73%
dead
73%
head
73%
original,
73%
left
72%
one,
72%
one.
72%
see,
72%
bleed.
69%
Every
69%
heart
69%
hush
69%
love.
69%
over
69%
this
69%
back.
68%
blood,
68%
bring
68%
kiss
68%
as
66%
dreamers
65%
far
65%
glass.
65%
kills
65%
let
65%
blow
64%
Carin'
64%
diving
64%
use
64%
cold.
61%
comfort:
61%
hits
61%
So
61%
eye
59%
hurt,
59%
In
59%
in
59%
spilled
59%
beaks
58%
howlin'
57%
lungs
57%
way,
57%
way
57%
'til
54%
together,
49%
all
47%
strange
47%
Been
46%
forever,
46%
No matching quizzes found
Score Distribution
Percent of People with Each Score
Percentile by Number Answered
Your Score History
You have not taken this quiz